Statistiken für Anschlussstellen der BAB 17

Klicken Sie hier um das Quiz zu spielen!

Allgemein

  • Dieses Quiz wurde 20 mal gespielt
  • Das Durchschnittsergebnis liegt bei 6 aus 8

Antwortstatistiken

BundeslandAS-Nr.Anschlussstelle% Korrekt
Sachsen1AD Dresden-West
100%
Sachsen2Dresden-Gorbitz
100%
Sachsen4Dresden-Prohlis
100%
Sachsen3Dresden-Südvorstadt
100%
Sachsen5Heidenau
67%
Sachsen6Pirna
67%
Sachsen8Bad Gottleuba
56%
Sachsen7Bahretal
44%

Verteilung der Resultate

Perzentil nach korrekt beantworteten Fragen

Anzahl Personen mit jedem Resultat

Ihre Resultats-Entwicklung

Sie haben dieses Quiz noch nicht gespielt